Central Library OPAC University of Rajshahi

পুরনো লখনঊ : (Record no. 52508)

MARC details
000 -LEADER
fixed length control field 01329nam a2200277 a 4500
001 - CONTROL NUMBER
control field 52508
003 - CONTROL NUMBER IDENTIFIER
rucl marc code BD-RjUL
005 - DATE AND TIME OF LATEST TRANSACTION
control field 20211209075823.0
008 - FIXED-LENGTH DATA ELEMENTS--GENERAL INFORMATION
fixed length control field 160921t19741972ii ||||| |||| 00| 0 ben d
020 ## - INTERNATIONAL STANDARD BOOK NUMBER
Terms of availability : Rs. 13.50
035 ## - SYSTEM CONTROL NUMBER
System control number (BD-RjUL)52628
040 ## - CATALOGING SOURCE
Original cataloging agency BD-RjUL
Language of cataloging ben
Transcribing agency BD-RjUL
041 ## - LANGUAGE CODE
Language code of text/sound track or separate title ben
082 ## - DEWEY DECIMAL CLASSIFICATION NUMBER
Edition number 23
Classification number 891.443
Author mark and year SHP 1974
100 1# - MAIN ENTRY--PERSONAL NAME
Personal name শরর, আবদুল হলীম
9 (RLIN) 157022
245 10 - TITLE STATEMENT
Title পুরনো লখনঊ :
Remainder of title গুযিশতা লখনঊ /
Statement of responsibility, etc. আবদুল হলীম শরর ; মুনীরা খাতুন ও গুরুদাস ভট্টাচার্য অনুবাদক
260 ## - PUBLICATION, DISTRIBUTION, ETC. (IMPRINT)
Place of publication, distribution, etc. নয়া দিল্লী :
Name of publisher, distributor, etc. ন্যাশনাল বুক ট্রাস্ট,
Date of publication, distribution, etc. ১৯৭৪
300 ## - PHYSICAL DESCRIPTION
Pagination তের, ৩৯৪ পৃ. ;
Size ২০ সেমি.
490 ## - SERIES STATEMENT
Series statement অন্তর্ভারতীয় গ্রন্থ-মালা
650 ## - SUBJECT ADDED ENTRY--TOPICAL TERM
Topical term or geographic name as entry element বাংলা উপন্যাস
9 (RLIN) 157023
Topical term or geographic name as entry element Bengali fiction
9 (RLIN) 157024
700 ## - ADDED ENTRY--PERSONAL NAME
Personal name খাতুন, মুনীর্‌ অনুবাদক
Personal name ভট্টাচার্য, গুরুদাস, অনুবাদক
830 ## - SERIES ADDED ENTRY--UNIFORM TITLE
Uniform title অন্তর্ভারতীয় গ্রন্থ-মালা
942 ## - ADDED ENTRY ELEMENTS (KOHA)
Source of classification or shelving scheme Dewey Decimal Classification
Koha item type Books
Holdings
Lost status Source of classification or shelving scheme Damaged status Not for loan Collection code Permanent Location Current Location Shelving location Date acquired Source of acquisition Total Checkouts Full call number Date last seen Copy number Koha item type
  Dewey Decimal Classification     Fiction Central Library, University of Rajshahi Central Library, University of Rajshahi   27/02/1986 Author   B 891.443 SHP 1974 21/09/2016 C-2 Books